00482 a2200133 450000500170000002000180001708200200003510000160005524500590007126000300013030000700016070000180023085601000024820250613142728.0 a0-7506-6272-7 aLECT 658.72 GRE aGREEFF, G.  aPractical E-manufacturing and supply chain management  aOxford, bNewnes, c2004. axi, 461p.: ill.; figure, graph, picture, table. bIndex, c26cm.  aGHOSHAL, R.  yAccess online bookfPractical E-manufacturing and supply chain management dwww.newnespress.com